| 000 | 00678nam a2200181 i 4500 | ||
|---|---|---|---|
| 001 | 46123 | ||
| 003 | ES-MaACL | ||
| 005 | 20230906161331.0 | ||
| 007 | t| | ||
| 008 | 030328s1977 sp ||||1| cat d | ||
| 111 | 2 |
_aColloqui Internacional de LLengua i Literatura Catalanes ( _n4. _d1976. _cBasilea) _982 |
|
| 245 | 1 | 0 |
_aActes del Quart Colloqui Internacional de Llengua i Literatura Catalanes _b: Basilea, 22-27 de març de 1976 / _cpublicades a cura de Germáa Colon. |
| 260 |
_aMontserrat : _bAbadia de Montserrat, _c1977. |
||
| 300 |
_a494 p. ; _c21 cm. |
||
| 700 | 1 |
_aColón, Germà. _939876 |
|
| 710 | 2 |
_aAbadía de Montserrat. _91133 |
|
| 852 |
_aES-MaACL _jA-7772 _bR.96948 |
||
| 999 |
_c46123 _d46123 |
||